नवयुवकों से / (Record no. 28941)
[ view plain ]
| 000 -LEADER | |
|---|---|
| fixed length control field | 01288nam a22002897a 4500 |
| 005 - DATE AND TIME OF LATEST TRANSACTION | |
| control field | 20090806111540.0 |
| 008 - FIXED-LENGTH DATA ELEMENTS--GENERAL INFORMATION | |
| fixed length control field | 090804t xxu||||| |||| 00| 0 hin d |
| 010 ## - LCCN (DPL NO) | |
| LC control number | HIN-87645 |
| 020 ## - INTERNATIONAL STANDARD BOOK NUMBER | |
| Terms of availability | 300.00 |
| International Standard Book Number | 8188550191 |
| 035 ## - SYSTEM CONTROL NUMBER | |
| System control number | HN-59991 |
| 037 ## - SOURCE OF ACQUISITION | |
| Source of stock number/acquisition | DBAD / PUB |
| 040 ## - CATALOGING SOURCE | |
| Original cataloging agency | dpl |
| Language of cataloging | hn |
| 082 ## - DEWEY DECIMAL CLASSIFICATION NUMBER | |
| Classification number | 181.499 |
| 100 ## - MAIN ENTRY--PERSONAL NAME | |
| Personal name | राधाकृष्णन् |
| 245 ## - TITLE STATEMENT | |
| Title | नवयुवकों से / |
| Statement of responsibility, etc | अभिनव मैत्रेय |
| 246 ## - VARYING FORM OF TITLE | |
| Title proper/short title | Navyuvkon Se |
| Remainder of title | by Radhakrishanan |
| 260 ## - PUBLICATION, DISTRIBUTION, ETC. (IMPRINT) | |
| Place of publication, distribution, etc | दिल्ली |
| Name of publisher, distributor, etc | भारत ज्ञान-विज्ञान प्रकाशन |
| Date of publication, distribution, etc | 2009 |
| 270 ## - ADDRESS | |
| Address | 30/35-36, तृतीय तल, गली नं. 9, विश्वास नगर |
| City | दिल्ली |
| Postal code | 110032 |
| 300 ## - PHYSICAL DESCRIPTION | |
| Extent | 184पृ. |
| Dimensions | 22सेमी (सजिल्द) |
| 500 ## - GENERAL NOTE | |
| General note | |
| 600 ## - SUBJECT ADDED ENTRY--PERSONAL NAME | |
| Personal name | राधाकृष्णन |
| General subdivision | दर्शन |
| 600 ## - SUBJECT ADDED ENTRY--PERSONAL NAME | |
| Personal name | Radhakrishnan |
| General subdivision | Philosophy |
| 650 ## - SUBJECT ADDED ENTRY--TOPICAL TERM | |
| Topical term or geographic name as entry element | दर्शन, भारतीय |
| 650 ## - SUBJECT ADDED ENTRY--TOPICAL TERM | |
| Topical term or geographic name as entry element | Philosophy, Indic |
| 942 ## - ADDED ENTRY ELEMENTS (KOHA) | |
| Source of classification or shelving scheme | Dewey Decimal Classification |
| Item type | Hindi Books |
| Call number suffix | राधाकृ |
| Classification part | 181.499 |
| Withdrawn status | Lost status | Source of classification or shelving scheme | Damaged status | Not for loan | Home library | Current library | Date acquired | Source of acquisition | Cost, normal purchase price | Total Checkouts | Full call number | Barcode | Date last seen | Copy number | Cost, replacement price | Koha item type |
|---|---|---|---|---|---|---|---|---|---|---|---|---|---|---|---|---|
| Dewey Decimal Classification | Not For Loan | D.B.Act.Division | D.B.Act.Division | 06/08/2009 | DBAD / PUB | 300.00 | 181.499 राधाकृ | HN-59991 | 06/08/2009 | 1 | 300.00 | Hindi Books |
